000 00465nam a22001697a 4500
005 20251108164108.0
008 250721s1994 xx 000 0 ara d
082 1 4 _a217.152/محم
100 1 _aبلتاجي، محمد
245 1 0 _aفي أحكام الأسرة /
264 1 _aالقاهرة :
_bمكتبة الشباب،
_c1994.
300 _a478ص
650 1 7 _aالأسرة
650 1 7 _aالذاهب الإسلامية
942 _2ddc
_cBK
999 _c3481
_d3481